000 00274nam a2200085Ia 4500
008 220204s9999 xx 000 0 und d
082 _a06.055.5:331.94:621.18
_bKER
245 0 _aKerala administration report of the inspectorate of factories and boilers. 1961 - 1971
942 _cBK
999 _c21970
_d21970